Bilecik Bilecik Bilecik Bilecik Bilecik

Gelir vergisi açısından vergi adaletine teknik bir yaklaşım/ (Record no. 37752)

MARC details
000 -BAŞLIK
Sabit Uzunluktaki Kontrol Alanı 01283nam a22003497a 4500
001 - KONTROL NUMARASI
Control Dosyası 0037899
003 - KONTROL NUMARASI KİMLİĞİ
Kontrol Alanı KOHA_MİRAKIL
005 - EN SON İŞLEM TARİHİ ve ZAMANI
Kontrol Alanı 20260207003043.0
007 - FİZİKSEL TANIM SABİT ALAN - GENEL BİLGİ
Sabit uzunluklu kontrol alanı ta
008 - SABİT UZUNLUKTAKİ VERİ ÖGELERİ - GENEL BİLGİ
Sabit Alan 120717b1980 tu |||gr||||#||||0|tur |
040 ## - KATALOGLAMA KAYNAĞI
Özgün Kataloglama Kurumu TR-BiSEU
Kataloglama Dili tur
Çeviri Kurumu TR-BiSEU
Açıklama Kuralları rda
041 0# - DİL KODU
Metin ya da ses kaydının dil kodu tur
044 ## - YAYINLAYAN/ÜRETEN KURULUŞUN ÜLKE KODU
ISO country code tu
050 ## - SINIFLAMA ve YER NUMARASI
Sınıflama Numarası HJ4760.4
Yer Numarası .A43 1980
100 1# - KİŞİ ADI
Yazar Adı (Kişi adı) Akdoğan, Abdurrahman.
245 1# - ESER ADI BİLDİRİMİ
Başlık Gelir vergisi açısından vergi adaletine teknik bir yaklaşım/
Sorumluluk Bildirimi Abdurrahman Akdoğan ; Abdurrahman Akdoğan.
264 #1 - ÜRERİM, YAYIN, DAĞITIM ve TELİF BİLDİRİMİ
Yayın yeri Ankara :
Yayınlayan Ankara İktisadi ve Ticari İlimler Akademisi
Yayın tarihi 1980
300 ## - FİZİKSEL TANIMLAMA
Sayfa, Cilt vb. 160 sayfa; 21 cm.
336 ## - İÇERİK TÜRÜ
Content type term metin
Content type code txt
Source rdacontent
337 ## - MEDYA TÜRÜ
Media type term aracısız
Media type code n
Source rdamedia
338 ## - TAŞIYICI TÜRÜ
Carrier type term cilt
Carrier type code nc
Source rdacarrier
490 1# - DİZİ BİLDİRİMİ
Dizi Bildirimi Ankara İktisadi ve Ticari İlimler Akademisi ;
Cilt Numarası yayın no:137.
490 1# - DİZİ BİLDİRİMİ
Dizi Bildirimi Maliye Fakültesi ;
Cilt Numarası yayın no: 1.
490 1# - DİZİ BİLDİRİMİ
Dizi Bildirimi Maliye ve Vergi Hukuku Enstitüsü ;
Cilt Numarası yayın no:9
500 ## - GENEL NOT
Genel Not Kaynakça var.
650 #0 - KONU BAŞLIĞI EK GİRİŞ - KONU TERİMİ
Konusal terim veya coğrafi ad Income tax--Turkey.
9 (RLIN) 46288
650 #0 - KONU BAŞLIĞI EK GİRİŞ - KONU TERİMİ
Konusal terim veya coğrafi ad Gelir vergisi--Türkiye.
9 (RLIN) 25317
830 1# - SERİ EK GİRİŞİ - TEKBİÇİM ESER ADI
Tekbiçim Başlık Ankara İktisadi ve Ticari İlimler Akademisi ;
Volume number/sequential designation yayın no:137.
9 (RLIN) 43326
830 1# - SERİ EK GİRİŞİ - TEKBİÇİM ESER ADI
Tekbiçim Başlık Maliye Fakültesi ;
Volume number/sequential designation yayın no: 1.
9 (RLIN) 43327
830 1# - SERİ EK GİRİŞİ - TEKBİÇİM ESER ADI
Tekbiçim Başlık Maliye ve Vergi Hukuku Enstitüsü ;
Volume number/sequential designation yayın no:9
9 (RLIN) 70883
942 ## - EK GİRİŞ ÖGELERİ (KOHA)
Source of classification or shelving scheme Library of Congress Classification
Koha item type Book
Holdings
Materyal Türü Kalıcı Konum Mevcut Konum Raf Yeri Sınıflandırma Kaynağı Edinim Bilgisi Ana Konular Alt Konular Yer Numarası Demirbaş Numarası Fatura Tarihi Geri Çekilme Durumu Kayıp Durumu Hasarlı Durumu Kredi için değil Kayıt Tarih Toplam Ödünçverme Son Görülme Tarihi Son Kontrol Tarihi Genel / Bağış Notu
Book Prof. Dr. Azmi Özcan Kütüphanesi Prof. Dr. Azmi Özcan Kütüphanesi Uluğbey Salonu Library of Congress Classification Bağış SOSYAL BİLİMLER Kamu Maliyesi HJ4760.4 .A43 1980 0037899 02/02/2026         17/07/2012 2 05/12/2024 05/12/2024 Genel Bağış